[Event "IECC M email"]
[Site "IECC email"]
[Date "2002.11.27"]
[Round "?"]
[White "Hiquiana, Roland"]
[Black "Knapen, Joep"]
[Result "0-1"]
[WhiteElo "1984"]
[BlackElo "2053"]
[PlyCount "74"]
[EventDate "2002.??.??"]
[EventType "tourn (corr)"]
[EventRounds "6"]
[SourceTitle "Corr 2008"]
[Source "ChessBase"]
[SourceDate "2008.06.24"]
[SourceVersion "1"]
[SourceVersionDate "2008.06.24"]
[SourceQuality "1"]

1. c4 e5 2. e4 Nc6 3. Nf3 Bc5 4. a3 d6 5. b4 Bb6 6. Nc3 Nd4 7. Nxd4 Bxd4 8. Bd3 Nh6 9. 0-0 Qh4 10. Qf3 Bg4 11. Qg3 Qxg3 12. hxg3 c6 13. b5 a6 14. bxc6 bxc6 15. a4 Kd7 16. Ba3 f5 17. Rab1 Rab8 18. Rxb8 Rxb8 19. Rb1 Rxb1+ 20. Nxb1 fxe4 21. Bxe4 Be6 22. Nc3 Bxc4 23. Bxh7 c5 24. Be4 Ng4 25. Nd1 Bb3 26. Bf5+ Be6 27. Bc2 d5 28. Bb2 Bxb2 29. Nxb2 c4 30. f3 Nf6 31. Kf1 Kd6 32. Ke1 Kc5 33. Kd1 Kb4 34. Kc1 Nh5 35. g4 Nf4 36. d3 c3 37. Nd1 d4 0-1